Awareness and perception by secondary pupils, teachers and school administrators on fisheries and aquaculture in Zambia: (Record no. 2216)

MARC details
000 -LEADER
fixed length control field 00467nam a22001337a 4500
003 - CONTROL NUMBER IDENTIFIER
control field OSt
005 - DATE AND TIME OF LATEST TRANSACTION
control field 20250912124547.0
008 - FIXED-LENGTH DATA ELEMENTS--GENERAL INFORMATION
fixed length control field 250912b |||||||| |||| 00| 0 eng d
040 ## - CATALOGING SOURCE
Transcribing agency KMU
100 ## - MAIN ENTRY--PERSONAL NAME
Personal name Banda, Mathias
Relator term Fisheries and Aquaculture
245 ## - TITLE STATEMENT
Title Awareness and perception by secondary pupils, teachers and school administrators on fisheries and aquaculture in Zambia:
Remainder of title A case study of Lusaka/
Statement of responsibility, etc. Mathias Banda
260 ## - PUBLICATION, DISTRIBUTION, ETC.
Place of publication, distribution, etc. Chinsali:
Name of publisher, distributor, etc. KMU,
Date of publication, distribution, etc. 2018.
942 ## - ADDED ENTRY ELEMENTS (KOHA)
Koha item type Student Project Report
Suppress in OPAC No
Holdings
Withdrawn status Lost status Damaged status Not for loan Home library Current library Date acquired Total Checkouts Date last seen Price effective from Koha item type
        Kapasa Makasa University Kapasa Makasa University 12.09.2025   12.09.2025 12.09.2025 Student Project Report